Statistics for Top 20 best football clubs of 1960s

Click here to take the quiz!

General Stats

  • This quiz has been taken 30 times
  • The average score is 15 of 20

Answer Stats

PositionHintAnswer% Correct
62 Champions League, 2 Serie A titlesAC Milan
100%
22 Champions League, 8 La Liga titlesReal Madrid
100%
9Champions League 1967, 4 Scottish PremiershipCeltic
96%
42 Champions League, 3 Serie A titlesInter Milan
96%
7Champions League 1968, 2 Premier League titlesManchester United
96%
11Champions League 1961 final, La Liga 1960Barcelona
92%
32 Copa Libertadores, 6 Campeonato Brasileiro Série A titlesSantos
92%
12 Champions League, 8 Primeira Liga titlesBenfica
88%
143 Serie A titlesJuventus
88%
13Cup Winners Cup 1962, La Liga 1966Atletico Madrid
81%
12Cup Winners Cup 1961, Serie A 1969Fiorentina
81%
53 Copa Libertadores, 7 Uruguayan Primera División titlesPeñarol
81%
162 Premier League titlesLiverpool
73%
15Cup Winners Cup 1964, 2 Primeira Liga titlesSporting Lisbon
73%
17Cup Winners Cup 1963, Premier League 1961Tottenham
54%
19Champions League 1966 final, 4 Yugoslav First League titlesPartizan
50%
82 Copa Libertadores, 3 Argentine Primera División titlesIndependiente
46%
18Premier League 1969Leeds United
46%
102 Copa Libertadores, Argentine Primera División 1967Estudiantes
31%
20Serie A 1964Bologna
27%

Score Distribution

Percentile by Number Answered

Percent of People with Each Score

Your Score History

You have not taken this quiz